El concepto de ideología.

Furkejuvvon:
Bibliográfalaš dieđut
Váldodahkki: Henao, Héctor Fabio (autor)
Materiálatiipa: Girji
Giella:espánnjágiella
Ráidu:(Colección doctrina social cristiana ; 17)
Fáttát:
Fáddágilkorat: Lasit fáddágilkoriid
Eai fáddágilkorat, Lasit vuosttaš fáddágilkora!

MARC

LEADER 00000nam^a2200000^u^4500
001 000499589
005 20250625000000.0
008 071026s1000^^^^^^^^^^^^r^^^^^000^0^spa^d
009 20260310125723.034
035 |a FCE 000043641 
037 |a Acervo ITESO - Biblioteca 
041 |a spa 
082 0 4 |a 140  |b HENc 
100 |a Henao, Héctor Fabio  |e (autor) 
245 1 0 |a El concepto de ideología. 
264 |a México :  |b Instituto Mexicano de Doctrina Social Cristiana,  |c 1989. 
300 |a 17 p. 
336 |a texto  |b txt  |2 rdacontenido 
337 |a sin mediación  |b n  |2 rdamedio 
338 |a volumen  |b nc  |2 rdasoporte 
440 1 |a (Colección doctrina social cristiana ; 17) 
649 |a XX 
650 |a Teoría 
650 |a Ideología 
910 |a Fondo Centro de Estudios Educativos 
920 |a Impresos - Libros 
930 |a Fondos Especiales 
905 |a 133 
901 |a ALE050936  |b IT2  |c CEE  |u 20250521 
902 |a https://opac.biblio.iteso.mx/vufind/Record/000499589